[Event "BL 1516 SV Mülheim Nord - SG Turm Trie"]
[Site "?"]
[Date "2016.03.12"]
[Round "10.4"]
[White "Berelowitsch, Alexander"]
[Black "Graf, Felix"]
[Result "1-0"]
[WhiteElo "2518"]
[BlackElo "2490"]
[PlyCount "133"]
[EventDate "2016.??.??"]

1. e4 e6 2. d4 d5 3. Nd2 Nc6 4. Ngf3 Nf6 5. e5 Nd7 6. Bd3 Nb4 7. Be2 c5 8. c3
Nc6 9. O-O Be7 10. Re1 O-O 11. Bd3 a6 12. Nf1 b5 13. Qc2 g6 14. Bh6 Re8 15. Qc1
cxd4 16. cxd4 Nb4 17. Bb1 Ra7 18. Qf4 Bf8 19. Ne3 Bxh6 20. Qxh6 f5 21. exf6
Nxf6 22. Ne5 Rc7 23. h4 Rf8 24. h5 gxh5 25. g3 Qd6 26. Ng2 Rg7 27. Nf4 Qb6 28.
Rd1 Nc6 29. Nxh5 Nxh5 30. Qxh5 Nxe5 31. Qxe5 Qc7 32. Qxc7 Rxc7 33. Bd3 Bd7 34.
Kg2 Rfc8 35. Rh1 Be8 36. Rh6 Bg6 37. Bxg6 hxg6 38. Rxg6+ Kf7 39. Rg4 Rc1 40.
Rxc1 Rxc1 41. Rf4+ Kg7 42. Rf3 b4 43. a3 a5 44. axb4 axb4 45. Rb3 Rc4 46. Rd3
Rc2 47. b3 Rc3 48. Re3 Kf6 49. Kf3 Rc2 50. Rd3 Rb2 51. g4 Ra2 52. Kg3 Rc2 53.
Rf3+ Kg5 54. Re3 Kf6 55. Rd3 Rc3 56. Rf3+ Kg5 57. Re3 e5 58. dxe5 d4 59. Rf3 d3
60. Rf5+ Kg6 61. Rf6+ Kg7 62. Rd6 Rxb3 63. Kf4 Rc3 64. Ke3 b3 65. Rb6 Rc2 66.
Rxb3 d2 67. Rd3 1-0

[Event "BL 1516 SV Mülheim Nord - SG Turm Trie"]
[Site "?"]
[Date "2016.03.12"]
[Round "10.5"]
[White "Jaracz, Pawel"]
[Black "Levin, Felix"]
[Result "1/2-1/2"]
[WhiteElo "2485"]
[BlackElo "2505"]
[PlyCount "40"]
[EventDate "2016.??.??"]

1. e4 e5 2. Nf3 Nc6 3. Bb5 Nf6 4. d3 Bc5 5. Nbd2 d6 6. c3 O-O 7. O-O Ne7 8. Re1
a6 9. Ba4 b5 10. Bc2 Ng6 11. Nf1 Bb6 12. Ng3 h6 13. h3 c5 14. d4 Re8 15. b3 Qc7
16. Be3 Ba5 17. Bd2 Bb6 18. Be3 Ba5 19. Bd2 Bb6 20. Be3 Ba5 1/2-1/2

[Event "BL 1516 SV Mülheim Nord - SG Turm Trie"]
[Site "?"]
[Date "2016.03.12"]
[Round "10.6"]
[White "Hausrath, Daniel"]
[Black "Cyborowski, Lukasz"]
[Result "1/2-1/2"]
[WhiteElo "2501"]
[BlackElo "2514"]
[PlyCount "63"]
[EventDate "2016.??.??"]

1. Nf3 Nf6 2. g3 g6 3. b3 Bg7 4. Bb2 O-O 5. Bg2 c5 6. c4 Nc6 7. O-O d6 8. d4
cxd4 9. Nxd4 Bd7 10. Nc3 Nxd4 11. Qxd4 Bc6 12. Nd5 Bxd5 13. Bxd5 Nh5 14. Qd2
Bxb2 15. Qxb2 Qb6 16. Rfd1 Nf6 17. Bf3 Rfc8 18. Rd4 Rc5 19. Rad1 Re5 20. Kg2
Rc8 21. R1d3 a5 22. Qd2 Qb4 23. Qb2 Qb6 24. Qa1 Rc7 25. Qd1 Qc5 26. h4 b5 27.
h5 Kg7 28. Qd2 g5 29. Bd5 bxc4 30. Rxc4 Qb6 31. h6+ Kxh6 32. f4 1/2-1/2

[Event "BL 1516 SV Mülheim Nord - SG Turm Trie"]
[Site "?"]
[Date "2016.03.12"]
[Round "10.7"]
[White "Bobras, Piotr"]
[Black "Feygin, Michael"]
[Result "1/2-1/2"]
[WhiteElo "2523"]
[BlackElo "2474"]
[PlyCount "57"]
[EventDate "2016.??.??"]

1. e4 e6 2. d4 d5 3. Nc3 Nf6 4. e5 Nfd7 5. f4 c5 6. Nf3 Nc6 7. Be3 Be7 8. Qd2
O-O 9. dxc5 Bxc5 10. O-O-O Bxe3 11. Qxe3 Qb6 12. Qxb6 Nxb6 13. Nb5 Bd7 14. b3
Rac8 15. Nd6 Rc7 16. Nb5 Rcc8 17. Nbd4 Rc7 18. g3 Nxd4 19. Nxd4 Nc8 20. Bd3 Ne7
21. Rhf1 Rfc8 22. Kd2 a6 23. a4 Nc6 24. Nxc6 Rxc6 25. g4 Rb6 26. Rde1 Rb4 27.
g5 g6 28. Re3 a5 29. Ref3 1/2-1/2

[Event "BL 1516 SV Mülheim Nord - SG Turm Trie"]
[Site "?"]
[Date "2016.03.12"]
[Round "10.8"]
[White "Saltaev, Mihail"]
[Black "Galyas, Miklos"]
[Result "1/2-1/2"]
[WhiteElo "2478"]
[BlackElo "2460"]
[PlyCount "83"]
[EventDate "2016.??.??"]

1. e4 d6 2. d4 Nf6 3. Nc3 g6 4. f4 Bg7 5. Nf3 O-O 6. e5 Nfd7 7. Bc4 Nb6 8. Bb3
dxe5 9. fxe5 Nc6 10. O-O Bg4 11. Be3 Na5 12. h3 Nbc4 13. Qe2 Nxe3 14. Qxe3 Nxb3
15. axb3 Bxf3 16. Rxf3 c6 17. Ne4 b6 18. Nf2 c5 19. dxc5 bxc5 20. Nd3 Qc7 21.
Ra4 Rad8 22. Rf1 Rd5 23. Re1 e6 24. Kh1 Rfd8 25. Rc4 Qb6 26. Ra1 h5 27. Rca4
R8d7 28. Rc4 Rd8 29. Rf1 Qc7 30. Re1 Qb6 31. Re2 Bf8 32. Qf3 Rd4 33. Rf2 Qc7
34. Rf1 R8d7 35. Ra1 Rd8 36. Rca4 Rxa4 37. Rxa4 Rd5 38. Qe3 Bg7 39. Re4 Qb6 40.
Rc4 Qc7 41. Re4 Bf8 42. Rc4 1/2-1/2

[Event "BL 1516 Schwäbisch Hall - Hamburger SK"]
[Site "?"]
[Date "2016.03.13"]
[Round "11.2"]
[White "Gharamian, Tigran"]
[Black "Bauer, Christian"]
[Result "1/2-1/2"]
[WhiteElo "2630"]
[BlackElo "2644"]
[PlyCount "40"]
[EventDate "2016.??.??"]

1. e4 d5 2. exd5 Qxd5 3. Nc3 Qa5 4. d4 Nf6 5. Bd2 c6 6. Bc4 Bf5 7. Nd5 Qd8 8.
Nxf6+ gxf6 9. Nf3 e6 10. O-O Nd7 11. Re1 Nb6 12. Bf1 Bg7 13. Nh4 Bg6 14. c3 O-O
15. g3 Rc8 16. a4 Re8 17. Qb3 Rc7 18. Bg2 Rd7 19. a5 Nd5 20. c4 Ne7 1/2-1/2

[Event "BL 1516 Schwäbisch Hall - Hamburger SK"]
[Site "?"]
[Date "2016.03.13"]
[Round "11.3"]
[White "Miton, Kamil"]
[Black "Cornette, Matthieu"]
[Result "1/2-1/2"]
[WhiteElo "2628"]
[BlackElo "2573"]
[PlyCount "48"]
[EventDate "2016.??.??"]

1. d4 Nf6 2. c4 e6 3. Nf3 d5 4. Nc3 Bb4 5. cxd5 exd5 6. Bg5 h6 7. Bxf6 Qxf6 8.
Qa4+ Nc6 9. e3 O-O 10. Be2 Be6 11. O-O a6 12. Rfc1 Bd6 13. Qd1 Ne7 14. Na4 b6
15. a3 g5 16. Nd2 Qg7 17. Rc3 f5 18. Rac1 Ra7 19. b4 f4 20. e4 Qxd4 21. exd5
Qxd5 22. Bc4 Qf5 23. Qb3 Bf7 24. Rd3 b5 1/2-1/2

[Event "BL 1516 Schwäbisch Hall - Hamburger SK"]
[Site "?"]
[Date "2016.03.13"]
[Round "11.4"]
[White "Michalik, Peter"]
[Black "Hansen, Sune Berg"]
[Result "0-1"]
[WhiteElo "2575"]
[BlackElo "2578"]
[PlyCount "116"]
[EventDate "2016.??.??"]

1. d4 Nf6 2. c4 e6 3. g3 d5 4. Nf3 Be7 5. Bg2 O-O 6. O-O dxc4 7. Qc2 b6 8. Ne5
Qxd4 9. Bxa8 Qxe5 10. Bg2 Nd5 11. Qxc4 Ba6 12. Qe4 Bf6 13. Qxe5 Bxe5 14. Rd1
Nc6 15. Bxd5 exd5 16. Rxd5 Bxe2 17. Nc3 Bc4 18. Rd1 Nb4 19. Bf4 Bxc3 20. bxc3
Nd5 21. Bd2 f6 22. Re1 Kf7 23. Re4 b5 24. a4 a6 25. axb5 axb5 26. Ra7 Rd8 27.
h4 h5 28. Kh2 Rd7 29. Ra3 Nb6 30. Be1 Bd5 31. Rd4 c6 32. Ra1 Nc4 33. g4 hxg4
34. Rxg4 Ne5 35. Rf4 Re7 36. Bd2 Nf3+ 37. Rxf3 Bxf3 38. Kg3 Bd5 39. Be3 Re4 40.
Ra7+ Kg8 41. h5 Rc4 42. Bd2 Bf7 43. Rc7 Bxh5 44. f4 Bg6 45. Kf2 Be4 46. Rd7 Bd5
47. Rc7 Kh7 48. Rd7 Kg6 49. Rc7 Ra4 50. Ke2 Ra8 51. Be3 Rg8 52. Re7 Kf5 53. Kf2
Kg4 54. Rd7 g5 55. fxg5 fxg5 56. Bd4 Rf8+ 57. Ke2 Rf7 58. Rd6 Rh7 0-1

[Event "BL 1516 Schwäbisch Hall - Hamburger SK"]
[Site "?"]
[Date "2016.03.13"]
[Round "11.5"]
[White "Ftacnik, Lubomir"]
[Black "Bogner, Sebastian"]
[Result "1/2-1/2"]
[WhiteElo "2544"]
[BlackElo "2547"]
[PlyCount "63"]
[EventDate "2016.??.??"]

1. Nf3 d5 2. d4 Nf6 3. c4 e6 4. g3 Bb4+ 5. Bd2 Bd6 6. Bg2 c6 7. Qc2 Nbd7 8. O-O
O-O 9. Bf4 Bxf4 10. gxf4 b6 11. Nbd2 c5 12. Rfd1 Bb7 13. Rac1 Qe7 14. dxc5 bxc5
15. e3 Rfc8 16. Ne5 Nxe5 17. fxe5 Nd7 18. f4 f6 19. cxd5 exd5 20. Nc4 fxe5 21.
Rxd5 exf4 22. exf4 Bxd5 23. Bxd5+ Kh8 24. Bxa8 Rxa8 25. Qd2 Qe6 26. b3 Rf8 27.
Rf1 Qg4+ 28. Qg2 Rxf4 29. Rxf4 Qxf4 30. Qa8+ Nf8 31. Qxa7 Qg4+ 32. Kf2 1/2-1/2

[Event "BL 1516 Schwäbisch Hall - Hamburger SK"]
[Site "?"]
[Date "2016.03.13"]
[Round "11.6"]
[White "Wirig, Anthony"]
[Black "Kollars, Dmitrij"]
[Result "1/2-1/2"]
[WhiteElo "2504"]
[BlackElo "2445"]
[PlyCount "51"]
[EventDate "2016.??.??"]

1. b3 d5 2. Bb2 Bg4 3. g3 Nd7 4. Bg2 Ngf6 5. Nf3 e6 6. d3 Be7 7. Nbd2 c6 8. h3
Bh5 9. O-O O-O 10. c4 a5 11. a3 Qb8 12. Rc1 Rc8 13. Rc2 b5 14. cxd5 cxd5 15.
Rxc8+ Qxc8 16. Qa1 Qa6 17. Rc1 Rc8 18. Nd4 Rxc1+ 19. Qxc1 Bc5 20. N4f3 Qb6 21.
e3 h6 22. Bf1 Bg6 23. Kg2 Qb7 24. Kg1 Qb6 25. Kg2 Qb7 26. Kg1 1/2-1/2

[Event "BL 1516 Schwäbisch Hall - Hamburger SK"]
[Site "?"]
[Date "2016.03.13"]
[Round "11.7"]
[White "Carlstedt, Jonathan"]
[Black "Womacka, Mathias"]
[Result "1/2-1/2"]
[WhiteElo "2453"]
[BlackElo "2437"]
[PlyCount "119"]
[EventDate "2016.??.??"]

1. d4 Nf6 2. c4 e6 3. Nf3 Bb4+ 4. Nbd2 O-O 5. a3 Be7 6. e4 d5 7. e5 Nfd7 8. Bd3
c5 9. h4 g6 10. h5 cxd4 11. Qc2 Nc5 12. cxd5 exd5 13. Nxd4 Nc6 14. N2f3 Bg4 15.
hxg6 Nxd3+ 16. Qxd3 fxg6 17. O-O Qd7 18. Bh6 Bxf3 19. e6 Be4 20. exd7 Bxd3 21.
Bxf8 Kxf8 22. Rfd1 Nxd4 23. Rxd3 Bf6 24. Rad1 Rd8 25. Rxd4 Bxd4 26. Rxd4 Rxd7
27. Kf1 Ke7 28. Ke2 Kd6 29. Rf4 Ke7 30. Ra4 a6 31. Rb4 b5 32. Kd3 Rc7 33. Rh4
Ke6 34. Rh1 h5 35. Re1+ Kf5 36. Re8 h4 37. Rd8 Ke5 38. Re8+ Kf5 39. Rd8 Ke6 40.
Re8+ Kf7 41. Re5 Rc1 42. Rxd5 Rg1 43. Rd4 Rxg2 44. Rxh4 Rxf2 45. Rh7+ Kf6 46.
Ra7 Rxb2 47. Rxa6+ Kf5 48. Ra5 Kf4 49. Kc3 Ra2 50. Rxb5 g5 51. Rb4+ Kf3 52. Rb3
g4 53. Kb4+ Kf4 54. a4 g3 55. Rb1 g2 56. Rg1 Kf3 57. a5 Kf2 58. Rxg2+ Kxg2 59.
Kb5 Rxa5+ 60. Kxa5 1/2-1/2

[Event "BL 1516 Erfurter SK - SK Norderstedt"]
[Site "?"]
[Date "2016.03.13"]
[Round "11.1"]
[White "Trent, Lawrence"]
[Black "Vovk, Andrey"]
[Result "1/2-1/2"]
[WhiteElo "2451"]
[BlackElo "2638"]
[PlyCount "123"]
[EventDate "2016.??.??"]

1. d4 Nf6 2. Bg5 Ne4 3. Bf4 c5 4. f3 Qa5+ 5. c3 Nf6 6. d5 e6 7. e4 exd5 8. exd5
d6 9. Qd2 Be7 10. c4 Qd8 11. Nc3 O-O 12. Nge2 Nh5 13. Be3 f5 14. O-O-O f4 15.
Bf2 Nd7 16. Ne4 Ne5 17. N2c3 Bf5 18. Be2 Bg6 19. g4 fxg3 20. hxg3 Nxf3 21. Qe3
Bg5 22. Nxg5 Qxg5 23. Qxg5 Nxg5 24. Bxh5 Rxf2 25. Bxg6 hxg6 26. Nb5 Rd8 27.
Rhe1 a6 28. Nc7 Nf7 29. Re7 Rf3 30. Ne6 Rb8 31. a4 g5 32. g4 Kh7 33. Rxf7 Rxf7
34. Nxg5+ Kg6 35. Nxf7 Kxf7 36. Re1 b5 37. Re6 bxa4 38. g5 Rb4 39. g6+ Kf8 40.
Re4 Rb7 41. Re6 Rb4 42. Rxd6 Rxc4+ 43. Kd2 Rd4+ 44. Kc3 Ke7 45. Re6+ Kd7 46.
Rxa6 Rxd5 47. Ra7+ Ke6 48. Rxg7 Kf6 49. Rg8 Re5 50. Kd3 Rg5 51. Kc4 Rg2 52. Rb8
Rc2+ 53. Kd3 Rc1 54. Rb6+ Kg7 55. Rc6 Kh6 56. Ra6 Rb1 57. Kc2 Ra1 58. Kc3 Rc1+
59. Kd2 Rb1 60. Kc2 Ra1 61. Rc6 a3 62. bxa3 1/2-1/2

[Event "BL 1516 Erfurter SK - SK Norderstedt"]
[Site "?"]
[Date "2016.03.13"]
[Round "11.2"]
[White "Votava, Jan"]
[Black "Kopylov, Michael"]
[Result "1/2-1/2"]
[WhiteElo "2526"]
[BlackElo "2407"]
[PlyCount "81"]
[EventDate "2016.??.??"]

1. Nf3 d5 2. d4 e6 3. c4 c6 4. e3 Bd6 5. b3 f5 6. Be2 Nf6 7. O-O Qe7 8. Bb2
Nbd7 9. Qc1 b6 10. Ba3 Bb7 11. Bxd6 Qxd6 12. Qb2 Ne4 13. Ne5 O-O 14. f3 Ng5 15.
Nxd7 Qxd7 16. Nd2 Qe7 17. f4 Nf7 18. Rac1 c5 19. Nf3 dxc4 20. dxc5 Qxc5 21. Nd4
Nd6 22. Bxc4 Nxc4 23. Rxc4 Qd5 24. Rc7 Rf7 25. Rfc1 Rd8 26. Rxf7 Kxf7 27. Nf3
Kg8 28. Qd4 h6 29. Rc7 Qxd4 30. Nxd4 Bd5 31. Rxa7 Rc8 32. Kf2 Rc1 33. h3 Rd1
34. Nf3 Rb1 35. Ra6 Rb2+ 36. Kg3 b5 37. h4 g6 38. Ra5 Re2 39. Rxb5 Rxa2 40.
Rb8+ Kg7 41. Rc8 1/2-1/2

[Event "BL 1516 Erfurter SK - SK Norderstedt"]
[Site "?"]
[Date "2016.03.13"]
[Round "11.3"]
[White "Powierski, Emil"]
[Black "Haba, Petr"]
[Result "1-0"]
[WhiteElo "2306"]
[BlackElo "2490"]
[PlyCount "97"]
[EventDate "2016.??.??"]

1. e4 e6 2. d4 d5 3. Nd2 c5 4. exd5 Qxd5 5. Ngf3 cxd4 6. Bc4 Qd7 7. O-O Nc6 8.
Nb3 Nf6 9. Nbxd4 Nxd4 10. Nxd4 a6 11. c3 Bc5 12. Re1 b5 13. Bb3 Bb7 14. Bg5
Bxd4 15. cxd4 Qc6 16. f3 O-O 17. Bxf6 gxf6 18. Qd2 Qb6 19. Rad1 Rfd8 20. Kh1
Rd6 21. Qh6 Qd8 22. d5 Bxd5 23. Rd4 f5 24. Rh4 Bxb3 25. Rh5 Bxa2 26. Rg5+ Qxg5
27. Qxg5+ Kf8 28. Qh6+ Ke8 29. Qxh7 Rad8 30. h4 Rd1 31. Rxd1 Rxd1+ 32. Kh2 f4
33. Qh8+ Ke7 34. Qe5 Rd5 35. Qxf4 Bb1 36. Qc7+ Kf6 37. Qb6 Bg6 38. Qxa6 Ke5 39.
Qb6 Kf6 40. Kh3 Kg7 41. Qe3 Kg8 42. Qf4 Kg7 43. g4 Kg8 44. Qf6 Kh7 45. Kg3 Kg8
46. b4 Kh7 47. h5 Bxh5 48. gxh5 Rf5 49. Qxf5+ 1-0

[Event "BL 1516 Erfurter SK - SK Norderstedt"]
[Site "?"]
[Date "2016.03.13"]
[Round "11.4"]
[White "Braeuer, Franz"]
[Black "Michna, Marta"]
[Result "1/2-1/2"]
[WhiteElo "2421"]
[BlackElo "2399"]
[PlyCount "89"]
[EventDate "2016.??.??"]

1. e4 e6 2. d4 d5 3. Nd2 Nf6 4. e5 Nfd7 5. c3 c5 6. Ndf3 Nc6 7. Bd3 Be7 8. Ne2
a5 9. a4 cxd4 10. cxd4 Nb4 11. Bb5 O-O 12. O-O Nb6 13. Nc3 Bd7 14. Be2 Rc8 15.
Bf4 Nc4 16. Qb1 f6 17. exf6 Bxf6 18. Rd1 Be8 19. b3 Bg6 20. Qc1 Nb6 21. Qb2 Be7
22. Bd2 Nc2 23. Ne5 Nxa1 24. Nxg6 hxg6 25. Qxa1 Bb4 26. Nb5 Rc2 27. Bxb4 axb4
28. Re1 Qh4 29. g3 Qg5 30. a5 Nd7 31. Qd1 Rd2 32. Qc1 Rxe2 33. Qxg5 Rxe1+ 34.
Kg2 Re2 35. Kh3 Nf6 36. Nd6 Ne4 37. Nxe4 Rxe4 38. Qd2 g5 39. Qxg5 Rxf2 40. Qe7
Ree2 41. Qe8+ Rf8 42. Qe7 Rf7 43. Qe8+ Rf8 44. Qe7 Rf7 45. Qe8+ 1/2-1/2

[Event "BL 1516 Erfurter SK - SK Norderstedt"]
[Site "?"]
[Date "2016.03.13"]
[Round "11.5"]
[White "Polischuk, Viktor"]
[Black "Machelett, Heiko"]
[Result "1/2-1/2"]
[WhiteElo "2296"]
[BlackElo "2410"]
[PlyCount "40"]
[EventDate "2016.??.??"]

1. e4 e6 2. d4 d5 3. Nc3 Bb4 4. exd5 exd5 5. Bd3 Nc6 6. a3 Bxc3+ 7. bxc3 Be6 8.
Qf3 Nge7 9. Ne2 Qd7 10. Ng3 O-O-O 11. h3 Na5 12. O-O Nc4 13. Re1 Ng6 14. Rb1
Nd6 15. Bf4 Nxf4 16. Qxf4 h6 17. Qf3 Qc6 18. Rb3 Rde8 19. Nh5 Rhg8 20. Bh7 Rh8
1/2-1/2

[Event "BL 1516 Erfurter SK - SK Norderstedt"]
[Site "?"]
[Date "2016.03.13"]
[Round "11.6"]
[White "Enders, Peter"]
[Black "Jochens, Arne"]
[Result "1/2-1/2"]
[WhiteElo "2454"]
[BlackElo "2258"]
[PlyCount "106"]
[EventDate "2016.??.??"]

1. e4 e6 2. d4 d5 3. Nc3 Nf6 4. e5 Nfd7 5. f4 c5 6. Nf3 Nc6 7. Be3 Be7 8. Be2
O-O 9. O-O f6 10. exf6 Nxf6 11. Kh1 Bd6 12. dxc5 Ng4 13. Bg1 Bxf4 14. a3 Bd7
15. Bd3 Qe8 16. Ng5 Bxg5 17. Qxg4 Bf6 18. Qh3 h6 19. Qg3 Qh5 20. Be2 Qg5 21.
Qxg5 Bxg5 22. Nb5 Be7 23. b4 a6 24. Nd6 b6 25. Rxf8+ Bxf8 26. Rd1 b5 27. c4
Bxd6 28. cxd5 Be5 29. dxc6 Bxc6 30. Bd4 Bc7 31. Bc3 Rf8 32. Kg1 Bf4 33. Bf3
Bxf3 34. gxf3 Rf5 35. Rd8+ Rf8 36. Rd3 Rf5 37. c6 Rd5 38. Rxd5 exd5 39. h4 g6
40. Bd2 Be5 41. Bxh6 Kf7 42. f4 Bd4+ 43. Kg2 Bb6 44. f5 gxf5 45. h5 d4 46. Kf3
d3 47. Be3 Bc7 48. Bd2 Kf6 49. Ke3 Kg5 50. Kxd3+ Kxh5 51. Kd4 Kg6 52. Kd5 Kf7
53. Bg5 f4 1/2-1/2

[Event "BL 1516 Erfurter SK - SK Norderstedt"]
[Site "?"]
[Date "2016.03.13"]
[Round "11.7"]
[White "Michna, Christian"]
[Black "Voekler, Bernd"]
[Result "1/2-1/2"]
[WhiteElo "2274"]
[BlackElo "2355"]
[PlyCount "90"]
[EventDate "2016.??.??"]

1. d4 Nf6 2. Nc3 d5 3. Bg5 Bf5 4. Bxf6 gxf6 5. e3 c6 6. Bd3 Bg6 7. f4 Qb6 8. f5
Qxb2 9. Na4 Qa3 10. fxg6 hxg6 11. Nc5 e5 12. Nb3 e4 13. Bf1 a5 14. Qc1 Qd6 15.
Nh3 a4 16. Nd2 Bh6 17. c4 Bxe3 18. Nxe4 Qb4+ 19. Qc3 Qxc3+ 20. Nxc3 Bxd4 21.
Rc1 dxc4 22. Bxc4 O-O 23. Ne2 Re8 24. Rd1 Bc5 25. Nhf4 b5 26. Bd3 Na6 27. Bb1
Ra7 28. Kf1 Rae7 29. Ng3 Re3 30. Nd3 Bb6 31. Re1 c5 32. Rxe3 Rxe3 33. Nf4 Nb4
34. Ne4 Kg7 35. h4 f5 36. Nd6 c4 37. Nxb5 c3 38. Na3 c2 39. Nxc2 Nxc2 40. Bxc2
Rc3 41. Bd1 Rc1 42. Ke2 Ra1 43. Kd3 Bd8 44. h5 Bg5 45. Nh3 Bh6 1/2-1/2

[Event "BL 1516 Erfurter SK - SK Norderstedt"]
[Site "?"]
[Date "2016.03.13"]
[Round "11.8"]
[White "Casper, Thomas"]
[Black "Kahlert, Thomas"]
[Result "1/2-1/2"]
[WhiteElo "2386"]
[BlackElo "2187"]
[PlyCount "41"]
[EventDate "2016.??.??"]

1. e4 e5 2. Bc4 Nf6 3. d3 c6 4. Nf3 d5 5. Bb3 a5 6. a3 a4 7. Ba2 Bd6 8. Nc3 Be6
9. O-O dxe4 10. Nxe4 Bxa2 11. Rxa2 Nxe4 12. dxe4 Qe7 13. Ra1 O-O 14. Qe2 Nd7
15. Be3 Bc5 16. Rfd1 Rfd8 17. Rd2 Nb6 18. g3 f6 19. Rad1 Rxd2 20. Qxd2 Bxe3 21.
Qxe3 1/2-1/2

[Event "BL 1516 OSG Baden Baden - Werder Bremen"]
[Site "?"]
[Date "2016.03.13"]
[Round "11.1"]
[White "Fressinet, Laurent"]
[Black "Adams, Michael"]
[Result "1/2-1/2"]
[WhiteElo "2688"]
[BlackElo "2727"]
[PlyCount "113"]
[EventDate "2016.??.??"]

1. e4 e5 2. Nf3 Nc6 3. Bb5 a6 4. Ba4 Nf6 5. O-O Be7 6. d3 d6 7. c3 O-O 8. Nbd2
Re8 9. Re1 Bf8 10. Nf1 h6 11. h3 b5 12. Bb3 Be6 13. Ne3 Qd7 14. Nh2 Ne7 15.
Nhg4 Nxg4 16. Nxg4 c5 17. a4 h5 18. Nh2 g6 19. Nf3 Bxb3 20. Qxb3 Qc6 21. Bg5
Reb8 22. Qd1 b4 23. Nd2 Ra7 24. Nc4 Bg7 25. Bxe7 Rxe7 26. a5 Reb7 27. Nb6 bxc3
28. bxc3 Bf6 29. Nd5 Bd8 30. Ra2 Rb2 31. Qa1 Qb5 32. Rxb2 Qxb2 33. Qa4 Rb5 34.
c4 Qb3 35. Qxb3 Rxb3 36. Rd1 Kg7 37. Kf1 Ra3 38. Ke2 Rxa5 39. Rb1 Ra2+ 40. Kf3
a5 41. Rb8 Bg5 42. Nc7 Bd2 43. Ne8+ Kh7 44. Rb7 Be1 45. Rxf7+ Kh6 46. Re7 a4
47. Nxd6 Rxf2+ 48. Ke3 a3 49. Nf7+ Kg7 50. Nxe5+ Kf6 51. Nc6 a2 52. e5+ Kf5 53.
Rf7+ Ke6 54. Re7+ Kf5 55. Rf7+ Ke6 56. Re7+ Kf5 57. Rf7+ 1/2-1/2

[Event "BL 1516 OSG Baden Baden - Werder Bremen"]
[Site "?"]
[Date "2016.03.13"]
[Round "11.6"]
[White "Naiditsch, Arkadij"]
[Black "Smerdon, David"]
[Result "0-1"]
[WhiteElo "2673"]
[BlackElo "2521"]
[PlyCount "74"]
[EventDate "2016.??.??"]

1. c4 e5 2. Nc3 Nf6 3. g3 d5 4. cxd5 Nxd5 5. Bg2 Nb6 6. e3 c5 7. Nge2 Nc6 8.
O-O Be7 9. f4 O-O 10. b3 f6 11. Ba3 Be6 12. Ne4 Nb4 13. f5 Bf7 14. Bxb4 cxb4
15. g4 a5 16. N2g3 a4 17. Rb1 axb3 18. axb3 Kh8 19. h4 Ra3 20. g5 fxg5 21. hxg5
Bxg5 22. Qg4 Bf6 23. Nxf6 gxf6 24. Qxb4 Ra2 25. Rf2 Rg8 26. Qh4 Nd7 27. Ne4 Bd5
28. Rc1 Bxb3 29. Kh2 Ra4 30. Bf3 Bd5 31. d3 b6 32. Rd1 Nc5 33. Rb2 Bxe4 34.
dxe4 Qf8 35. Rxb6 Nxe4 36. Bg2 Qg7 37. Rb2 Nc3 0-1

[Event "BL 1516 OSG Baden Baden - Werder Bremen"]
[Site "?"]
[Date "2016.03.13"]
[Round "11.8"]
[White "Schlosser, Philipp"]
[Black "Markgraf, Alexander"]
[Result "0-1"]
[WhiteElo "2570"]
[BlackElo "2502"]
[PlyCount "178"]
[EventDate "2016.??.??"]

1. d4 f5 2. g3 Nf6 3. Bg2 g6 4. Nf3 Bg7 5. O-O O-O 6. c4 d6 7. Nc3 Qe8 8. Re1
Qf7 9. e4 fxe4 10. Nxe4 Nc6 11. Nc3 Qxc4 12. Bf1 Qf7 13. Ng5 Qe8 14. Nb5 Qd8
15. d5 Nb4 16. Nd4 Nbxd5 17. Nde6 Bxe6 18. Nxe6 Qd7 19. Nxf8 Rxf8 20. Bg2 c6
21. Qb3 Kh8 22. Re2 e5 23. h3 Qc7 24. a4 Ne7 25. Be3 Nfd5 26. a5 a6 27. Bd2 Nf5
28. Bc3 Nxc3 29. bxc3 d5 30. Rb1 Qxa5 31. Ra2 Qb5 32. Qxb5 axb5 33. Bxd5 cxd5
34. Rxb5 e4 35. Rxd5 Bxc3 36. Ra7 Rf7 37. g4 e3 38. fxe3 Nxe3 39. Rb5 Bd4 40.
Raxb7 Nxg4+ 41. Kg2 Ne3+ 42. Kg3 Nf5+ 43. Kg2 Rxb7 44. Rxb7 Bf6 45. Kf3 Be7 46.
Kf4 Kg7 47. Rb6 Kh6 48. Kg4 Ne3+ 49. Kf3 Kh5 50. Re6 Nf5 51. Re4 Nh4+ 52. Kf2
Bc5+ 53. Kg3 Bd6+ 54. Kf2 g5 55. Re6 Bf4 56. Ra6 Ng6 57. Kg2 Be5 58. Ra4 Nf4+
59. Kg3 Bc3 60. Re4 Kg6 61. Re7 Bb4 62. Rb7 Be1+ 63. Kh2 h5 64. Rb6+ Kf5 65.
Rb5+ Kf6 66. Rb6+ Ne6 67. Kg2 Bc3 68. Rb3 Be5 69. Ra3 Nf4+ 70. Kh2 Kf5 71. Ra4
Bc3 72. Rc4 Be5 73. Ra4 Ne6+ 74. Kg2 Bc7 75. Rc4 Nf4+ 76. Kh2 Bd6 77. Ra4 h4
78. Ra5+ Ke4 79. Ra6 Bc5 80. Ra5 Bd6 81. Ra6 Be5 82. Ra3 Nd3+ 83. Kg2 Bg3 84.
Ra4+ Ke3 85. Ra3 Bd6 86. Ra6 Be5 87. Ra3 Bg3 88. Rc3 Ke4 89. Rc4+ Kf5 0-1

[Event "BL 1516 Bayern München - Turm Emsdette"]
[Site "?"]
[Date "2016.03.13"]
[Round "11.1"]
[White "Mchedlishvili, Mikheil"]
[Black "Bischoff, Klaus"]
[Result "1/2-1/2"]
[WhiteElo "2615"]
[BlackElo "2509"]
[PlyCount "54"]
[EventDate "2016.??.??"]

1. d4 d6 2. Nf3 g6 3. c4 Bg7 4. Nc3 c6 5. e4 a6 6. Be2 b5 7. O-O Nh6 8. Bf4 f6
9. d5 b4 10. Na4 c5 11. a3 bxa3 12. Rxa3 Nf7 13. Qd2 a5 14. Nc3 Na6 15. Na2 Rb8
16. Nc3 Ra8 17. Rfa1 Nb4 18. Na2 Rb8 19. Nxb4 axb4 20. Ra7 O-O 21. Bd3 Rb7 22.
Ra8 Qc7 23. Qc2 Bd7 24. R8a6 Rc8 25. Nd2 Qd8 26. Nb3 Rbb8 27. Qb1 Ra8 1/2-1/2

[Event "BL 1516 Bayern München - Turm Emsdette"]
[Site "?"]
[Date "2016.03.13"]
[Round "11.2"]
[White "Fedorovsky, Michael"]
[Black "Yilmaz, Mustafa"]
[Result "0-1"]
[WhiteElo "2463"]
[BlackElo "2594"]
[PlyCount "102"]
[EventDate "2016.??.??"]

1. d4 Nf6 2. c4 c5 3. d5 e6 4. Nc3 exd5 5. cxd5 d6 6. e4 g6 7. h3 Bg7 8. Nf3
O-O 9. Bd3 a6 10. a4 Nbd7 11. O-O Nh5 12. Bg5 Bf6 13. Be3 Ne5 14. Be2 Nxf3+ 15.
Bxf3 Ng7 16. Qd2 Re8 17. a5 Bd7 18. Na4 Bxa4 19. Rxa4 b5 20. axb6 Qxb6 21. Rb1
Reb8 22. Be2 a5 23. b3 Ne8 24. Qa2 Nc7 25. Bd2 Nb5 26. Rxa5 Rxa5 27. Qxa5 Qxa5
28. Bxa5 Nc3 29. Bxc3 Bxc3 30. Bc4 Re8 31. Rc1 Bd4 32. Bd3 Ra8 33. Rc2 Ra3 34.
Bc4 Ra1+ 35. Kh2 Re1 36. Bd3 g5 37. g3 Kg7 38. Kg2 h5 39. Ra2 Kf6 40. Be2 h4
41. Kf3 Rg1 42. Rd2 g4+ 43. Kxg4 Bxf2 44. Kxh4 Bxg3+ 45. Kh5 Bf4 46. Rd3 Ke5
47. Bf3 Rg8 48. Rd1 Rh8+ 49. Kg4 Rg8+ 50. Kh4 Bg3+ 51. Kh5 Kf4 0-1

[Event "BL 1516 Bayern München - Turm Emsdette"]
[Site "?"]
[Date "2016.03.13"]
[Round "11.3"]
[White "Burg, Twan"]
[Black "Dragnev, Valentin"]
[Result "1-0"]
[WhiteElo "2501"]
[BlackElo "2436"]
[PlyCount "153"]
[EventDate "2016.??.??"]

1. e4 e5 2. Nf3 Nc6 3. d4 exd4 4. Nxd4 Bb4+ 5. c3 Bc5 6. Be3 Bb6 7. Nf5 Bxe3 8.
Nxe3 Nge7 9. c4 d6 10. Bd3 O-O 11. O-O Kh8 12. Nc3 f5 13. exf5 Nxf5 14. Bxf5
Bxf5 15. Nxf5 Rxf5 16. Qd2 Qd7 17. Rae1 Qf7 18. b3 Rf8 19. Nd5 Ne5 20. f3 a6
21. h3 g5 22. Re4 Qg7 23. Rfe1 h5 24. Qe3 c6 25. Nb4 g4 26. fxg4 hxg4 27. hxg4
Rg5 28. Nd3 Nxg4 29. Qh3+ Kg8 30. Nf4 Qb2 31. Qh4 Rg7 32. Nd3 Qd2 33. Rxg4 Qxd3
34. Rxg7+ Kxg7 35. Qg5+ Kh8 36. Qh6+ Kg8 37. Re3 Qb1+ 38. Kh2 Qh7 39. Qxh7+
Kxh7 40. Re7+ Kg8 41. Rxb7 Rf2 42. Rb6 Rxa2 43. Rxc6 Ra3 44. Rxd6 Rxb3 45. Rxa6
Rc3 46. Rc6 Kf7 47. g3 Ke7 48. c5 Kd7 49. Rd6+ Ke7 50. Rd5 Ke6 51. Rh5 Kf7 52.
Kh3 Kf6 53. Kh4 Rc1 54. Rh6+ Kg7 55. Rc6 Kf7 56. g4 Ke7 57. Kh5 Kd7 58. Rf6
Rxc5+ 59. g5 Ke7 60. Kh6 Rc1 61. Rf2 Rg1 62. g6 Ke8 63. Kh7 Ke7 64. g7 Rh1+ 65.
Kg8 Rh3 66. Re2+ Kd6 67. Re8 Kd7 68. Re4 Rh1 69. Kf7 Rf1+ 70. Kg6 Rg1+ 71. Kf6
Kd6 72. Rd4+ Kc5 73. Rd8 Rf1+ 74. Ke5 Re1+ 75. Kf4 Rf1+ 76. Ke3 Rg1 77. g8=Q
1-0